Statistics for NFL Rushing Leaders by Year

Click here to take the quiz!

General Stats

  • This quiz has been taken 305 times
  • The average score is 30 of 52

Answer Stats

HintAnswer% Correct
2020Derrick Henry
89%
2019Derrick Henry
89%
1995Emmitt Smith
88%
1991Emmitt Smith
88%
1992Emmitt Smith
88%
1993Emmitt Smith
88%
1990Barry Sanders
84%
1994Barry Sanders
84%
1996Barry Sanders
84%
1997Barry Sanders
84%
2015Adrian Peterson
83%
2012Adrian Peterson
83%
2008Adrian Peterson
83%
2006LaDainian Tomlinson
78%
2007LaDainian Tomlinson
78%
2021Jonathan Taylor
77%
2009Chris Johnson
73%
1983Eric Dickerson
69%
1984Eric Dickerson
69%
1986Eric Dickerson
69%
1988Eric Dickerson
69%
1977Walter Payton
67%
1970Larry Brown
66%
1972O.J Simpson
63%
1973O.J Simpson
63%
1975O.J Simpson
63%
1976O.J Simpson
63%
2016Ezekiel Elliott
62%
2018Ezekiel Elliott
62%
2005Shaun Alexander
56%
1998Terrell Davis
51%
2013LeSean McCoy
50%
1985Marcus Allen
47%
2000Edgerrin James
46%
1999Edgerrin James
46%
2002Ricky Williams
44%
1980Earl Campbell
43%
1979Earl Campbell
43%
1978Earl Campbell
43%
2003Jamal Lewis
43%
2001Priest Holmes
43%
2004Curtis Martin
42%
2017Kareem Hunt
42%
2010Arian Foster
40%
2014DeMarco Murray
40%
2011Maurice Jones-Drew
35%
1987Charles White
22%
1989Christian Okoye
19%
1981George Rogers
12%
1971Floyd Little
8%
1982Freeman McNeil
8%
1974Otis Armstrong
7%

Score Distribution

Percentile by Number Answered

Percent of People with Each Score

Your Score History

You have not taken this quiz